000 00474cam a2200193ua 4500
001 3278
005 20260515113646.0
008 111014n ii |||gr||||Z||||||asm
040 _cMAIN
082 _a891.4513
100 _aBardoloi, Rajani Kanta,
245 1 1 _aRahdoi Ligiree
_cby Rajani Kanta Bardoloi
250 _a1st.
260 _aGuahati:
_bSahitya Prakash,
_c2002.
300 _a163p:
_c23cm.
653 _aAssamese novel
653 _aRahdoi Ligiree
942 _cBK
999 _c3121
_d3121